[Event "Titled Tuesday intern op 11th Apr Early"]
[Site "Chess.com INT"]
[Date "2023.04.11"]
[Round "4"]
[White "Munkhgal, Gombosuren"]
[Black "Kujawski, Adam"]
[Result "0-1"]
[WhiteElo "2463"]
[BlackElo "2191"]
[PlyCount "94"]
[EventDate "2023.04.11"]
[EventType "swiss (blitz)"]
[EventRounds "11"]
[EventCountry "USA"]
[SourceTitle "CBM 213 Extra"]
[Source "ChessBase"]
[SourceDate "2023.05.31"]
[SourceVersion "1"]
[SourceVersionDate "2023.05.31"]
[SourceQuality "1"]

1. d4 Nf6 2. Bf4 c5 3. e3 d5 4. Nd2 Nc6 5. c3 Qb6 6. Qb3 c4 7. Qc2 Bg4 8. h3 Bh5 9. Ngf3 Bg6 10. Qc1 e6 11. Nh4 Rc8 12. Nxg6 hxg6 13. Be2 Qd8 14. a4 Bd6 15. Bxd6 Qxd6 16. f4 a6 17. 0-0 0-0 18. Nf3 b5 19. axb5 axb5 20. Ne5 Ra8 21. Bf3 Ne4 22. Bxe4 dxe4 23. Qc2 Qd5 24. Qf2 Rfb8 25. Qh4 b4 26. Nxc6 Qxc6 27. Qe7 b3 28. Rxa8 Rxa8 29. g4 Ra2 30. Rf2 Qa4 31. Kg2 Rxb2 32. Rxb2 Qa1 33. Rf2 b2 34. f5 b1Q 35. Qd8+ Kh7 36. Qh4+ Kg8 37. Qd8+ Kh7 38. fxg6+ fxg6 39. Qh4+ Kg8 40. Qd8+ Kh7 41. Qh4+ Kg8 42. Kg3 g5 43. Qxg5 Qg1+ 44. Rg2 Qae1+ 45. Kf4 Qef1+ 46. Ke5 Qf6+ 47. Qxf6 gxf6+ 0-1

[Event "Titled Tuesday intern op 11th Apr Early"]
[Site "Chess.com INT"]
[Date "2023.04.11"]
[Round "3"]
[White "Petukhov, Dmitry"]
[Black "Munkhgal, Gombosuren"]
[Result "1-0"]
[WhiteElo "2350"]
[BlackElo "2463"]
[PlyCount "65"]
[EventDate "2023.04.11"]
[EventType "swiss (blitz)"]
[EventRounds "11"]
[EventCountry "USA"]
[SourceTitle "CBM 213 Extra"]
[Source "ChessBase"]
[SourceDate "2023.05.31"]
[SourceVersion "1"]
[SourceVersionDate "2023.05.31"]
[SourceQuality "1"]

1. e4 e6 2. d4 d5 3. e5 c5 4. c3 Nc6 5. Nf3 Qb6 6. a3 Nh6 7. b4 cxd4 8. cxd4 Nf5 9. Be3 Nxe3 10. fxe3 f6 11. exf6 gxf6 12. Bd3 Bh6 13. Qe2 0-0 14. 0-0 e5 15. Nc3 Be6 16. Na4 Qd8 17. Nc5 Bc8 18. dxe5 fxe5 19. e4 d4 20. b5 Be3+ 21. Kh1 Qd6 22. Qa2+ Kh8 23. Qd5 Qxd5 24. exd5 Na5 25. Nxe5 Rxf1+ 26. Rxf1 b6 27. Rf8+ Kg7 28. Rf7+ Kh6 29. Rxh7+ Kg5 30. Ne4+ Kf5 31. Rh5+ Kf4 32. Ng6+ Kg4 33. Be2# 1-0

[Event "Wch Blitz"]
[Site "Almaty"]
[Date "2022.12.30"]
[Round "20"]
[White "Munkhgal, Gombosuren"]
[Black "Bilguun, Sumiya"]
[Result "1/2-1/2"]
[WhiteElo "2577"]
[BlackElo "2365"]
[PlyCount "33"]
[EventDate "2022.12.29"]
[EventType "swiss (blitz)"]
[EventRounds "21"]
[EventCountry "KAZ"]
[SourceTitle "CBM 212"]
[Source "ChessBase"]
[SourceDate "2023.02.28"]
[SourceVersion "1"]
[SourceVersionDate "2023.02.28"]
[SourceQuality "1"]

1. d4 d5 2. Bf4 Nf6 3. e3 e6 4. Nf3 Bd6 5. Bg3 0-0 6. Nbd2 c5 7. c3 Qc7 8. dxc5 Qxc5 9. Bd3 Nbd7 10. Qe2 h6 11. Rd1 Qc7 12. e4 dxe4 13. Nxe4 Nxe4 14. Bxe4 Bxg3 15. hxg3 Nf6 16. 0-0 Bd7 17. Ne5 1/2-1/2